| 000 | 00724nam a22002057a 4500 | ||
|---|---|---|---|
| 008 | 130821s1999 xxua gr eng | ||
| 020 | _a0205193587 | ||
| 040 |
_aCo-BoUCM _bspa |
||
| 041 | 0 | 0 | _aeng |
| 060 | _aBF 701 | ||
| 100 | 1 |
_aBuss, David M. _943091 |
|
| 245 | 1 | 0 |
_aEvolutionary psychology the new science of the mind _cDavid M. Buss |
| 260 |
_aBoston (Massachusetts, Estados Unidos) _bAllyn and Bacon _cc1999 |
||
| 300 |
_axxii, 456 páginas _bilustraciones |
||
| 504 | _aIncluye referencias bibliográficas e índice. | ||
| 650 | 0 | 4 |
_aEvolución humana _vLibros de texto _915367 |
| 650 | 0 | 4 |
_aPsicología _98001 |
| 650 | 0 | 4 |
_aPsicología _vLibros de texto _98001 |
| 942 |
_cLIBRO _a9 _e1 _mB981e _2NLM _hBF 701 _n0 |
||
| 999 |
_c88601 _d88601 |
||